Human resource strategy : (Record no. 347177)

000 -LEADER
fixed length control field 00721 a2200181 4500
020 ## - INTERNATIONAL STANDARD BOOK NUMBER
International Standard Book Number 076199386X (paperback)
020 ## - INTERNATIONAL STANDARD BOOK NUMBER
International Standard Book Number 9780761993865 (paperback)
082 04 - DEWEY DECIMAL CLASSIFICATION NUMBER
Classification number 658.300954
090 ## - LOCALLY ASSIGNED LC-TYPE CALL NUMBER (OCLC); LOCAL CALL NUMBER (RLIN)
-- 4745
-- 4745
100 1# - MAIN ENTRY--PERSONAL NAME
Personal name Chanda, Ashok.
245 10 - TITLE STATEMENT
Title Human resource strategy :
Remainder of title architecture for change /
Statement of responsibility, etc. Ashok Chanda, Shilpa Kabra.
260 ## - PUBLICATION, DISTRIBUTION, ETC.
Place of publication, distribution, etc. [S.l.] :
Name of publisher, distributor, etc. Sage Pubns Pvt Ltd,
Date of publication, distribution, etc. 2010.
300 ## - PHYSICAL DESCRIPTION
Extent 313 p.
520 ## - SUMMARY, ETC.
Summary, etc. In this timely book, the authors present an action-oriented and sequential six-step approach for evolving a long-term human resource strategy.
700 1# - ADDED ENTRY--PERSONAL NAME
Personal name Kabra, Shilpa.
856 40 - ELECTRONIC LOCATION AND ACCESS
Materials specified Amazon.com
Uniform Resource Identifier <a href="http://www.amazon.com/exec/obidos/ASIN/076199386X/chopaconline-20">http://www.amazon.com/exec/obidos/ASIN/076199386X/chopaconline-20</a>
942 ## - ADDED ENTRY ELEMENTS (KOHA)
Institution code [OBSOLETE] NBS
Koha item type Book
Call number prefix 658.300954 ASH
Holdings
Withdrawn status Lost status Damaged status Not for loan Permanent Location Current Location Date acquired Total Checkouts Full call number Barcode Date last seen Price effective from Koha item type
        Central Library (CL) Central Library (CL) 08/28/2013   658.300954 ASH NBS6130 08/28/2013 08/28/2013 Book
© 2023 Central Library, National University of Sciences and Technology. All Rights Reserved.